Juan Ramón Jiménez en su obra /

Guardat en:
Dades bibliogràfiques
Autor principal: Díez-Canedo, Enrique (autor)
Format: Llibre
Idioma:espanyol
Publicat: México : El Colegio de México, 1944, c1944
Col·lecció:(Centro de Estudios Literarios COLMEX ; 2)
Matèries:
Etiquetes: Afegir etiqueta
Sense etiquetes, Sigues el primer a etiquetar aquest registre!

MARC

LEADER 00000nam^a2200000^a^4500
001 000141064
005 20250521000000.0
009 20260310095601.407
037 |a Acervo ITESO - Biblioteca 
041 |a ESP 
082 |a 860. 94608  |b DIE 
100 |a Díez-Canedo, Enrique  |e (autor) 
245 1 0 |a Juan Ramón Jiménez en su obra /  |c E. Díez-Canedo. 
264 4 |a México :  |b El Colegio de México,  |c 1944, c1944 
300 |a 157 p. 
336 |a texto  |b txt  |2 rdacontenido 
337 |a sin mediación  |b n  |2 rdamedio 
338 |a volumen  |b nc  |2 rdasoporte 
440 1 |a (Centro de Estudios Literarios COLMEX ;  |v 2) 
649 |a XX 
650 |a Escritores Españoles 
650 |a Poesía Española -  |x Historia y Crítica 
650 |a Prosa Poética Española -  |x Historia y Crítica 
650 |a Literatura Española -  |x Historia y Crítica 
650 |a Literatura Española -  |y Siglo XX 
650 |a Modernismo (Literatura) -  |z España 
650 |a Jiménez, Juan Ramón -  |x Tema Principal 
910 |a Fondo Salvador Reynoso Reynoso 
920 |a Impresos - Libros 
930 |a Fondos Especiales 
940 |a Literatura 
905 |a 112 
901 |a 0800015089  |b IT2  |c ESP  |u 20250521 
902 |a https://opac.biblio.iteso.mx/vufind/Record/000141064